20 personnalités préférées des français 2025 - Statistiques

Statistiques générales
  • Ce quiz a été pris 107 fois
  • Le résultat moyen est 7 sur 20
Statistiques - réponses
Métier Célébrités % Correct
Chanteur Jean Jacques Goldman
74%
Astronaute Thomas Pesquet
71%
Acteur Omar Sy
57%
Sportif Leon Marchand
52%
Politique Jordan Bardella
50%
Sportif Teddy Riner
50%
Sportif Zinedine Zidane
44%
Chanteur Florent Pagny
38%
Acteur Jean Dujardin
37%
Animateur Jean Luc Reichmann
32%
Chanteur Soprano
31%
Chanteur Michel Sardou
29%
Actrice Sophie Marceau
24%
Chanteur Francis Cabrel
21%
Animatrice Karine Le Marchand
21%
Chanteur Julien Doré
14%
Chanteuse Mylène Farmer
13%
Acteur Dany Boon
9%
Actrice Audrey Fleurot
3%
Chanteur Grand corps malade
2%
Aucun quiz correspondant
Distribution des résultats
% des personnes avec chaque résultat
Percentile par nombre de réponses
Votre historique - résultats
Vous n’avez pas pris ce quiz